| 000 | 00868nam a22002057a 4500 | ||
|---|---|---|---|
| 999 |
_c5542 _d5542 |
||
| 003 | AR-CdUCM | ||
| 008 | 190312b ||||| |||| 00| 0 spa d | ||
| 040 |
_aMUNICIPALIDAD PROVINCIAL DEL CUSCO _cBIBLIOTECA MUNICIPAL DEL CUSCO |
||
| 082 |
_a923.2 / _bH19 |
||
| 100 |
_aHampe Martínez, Teodoro _93129 |
||
| 245 |
_aDon Pedro de la Gasca : _bSu obra política en España y América / |
||
| 260 |
_aLima : _bPontificia Universidad Católica del Perú : _c1989. |
||
| 300 |
_a426 paginas ; _c21 cm. |
||
| 505 | _aContenido : Gasca en la tradición historiográfica -- Caracterización del presente estudio -- Siglas empleadas -- Consideraciones previas España imperial bajo el gobierno de Carlos V ... | ||
| 650 |
_aHistoria peruana _91316 |
||
| 650 |
_aHistoria latinoamericana _912945 |
||
| 650 |
_aHistoria universal _91423 |
||
| 942 |
_2ddc _cLIBROS |
||
| 945 | _arah | ||